| 000 | 00399nam a22001091 4500 | ||
|---|---|---|---|
| 100 | 1 |
_aNadvī, Muḥammad Ḥanīf. _937505 |
|
| 245 | 1 | 0 |
_aافکار غزالی علم و عقائد Afkār-i Chazālī (ʻilm o ʻaqāʾid) [taṣnīf-i (Maulānā) _cMuḥammad-Ḥanīf Nadvī. |
| 260 |
_aLāhor, _bIdāra-e S̲aqāfat-i Islāmīya _c[1966] |
||
| 300 | _a526 p. | ||
| 526 |
_a0 _b0 _c0 |
||
| 942 |
_2ddc _cBK |
||
| 999 |
_c542372 _d542372 |
||